000 00373cam a22001217a 4500
008 180718b1973 xxu||||| |||| 00| 0 eng d
082 _aA81x54 In2/71/4/PT3B
100 _aCensus of India 1971
245 _aBihar: establishment tables
260 _aDelhi
_bThe Manager of Publications
_c1973
300 _a488+p.
440 _aCensus of India 1971. Series-4, Bihar. Part III-B
999 _c484951
_d484951